Представление документа в формате MARC21

ПолеНазваниеЗначение
  Тип записи a
  Библиографический уровень m
001 Контрольный номер RU/URAIT/581195
005 Дата корректировки 20260429163646.5
008 Кодируемые данные 260429s2025 RU y f j 000 0 rus u
020 Индекс ISBN __
a ISBN 978-5-534-20111-6
c Цена, тираж 2309.00
040 Источник каталогиз. __
a Служба первич. каталог. ИКО Юрайт
c Служба, преобразующая запись ИКО Юрайт
e Правила каталог. RCR
041 Код языка издания __
a Код языка текста rus
044 Код страны публикации __
a Код страны публикации RU
080 Индекс УДК __
a Индекс УДК 621.38(075.8)
084 Индекс другой классификации/Индекс ББК __
2 Источник индекса rubbk
a Индекс другой классификации/Индекс ББК 32.85я73
100 Автор __
a Автор Шишкин Г. Г.
q Полное имя Шишкин Геннадий Георгиевич
245 Заглавие __
a Заглавие Электроника
b Продолж. заглавия учебник для спо
c Ответственность Г. Г. Шишкин, А. Г. Шишкин.
250 Сведения об издании __
g испр. и доп
a Основные сведения об издании 2-е изд.
256 Характеристики компьютерного файла __
a Характеристики компьютерного файла Электрон. дан.
260 Выходные данные __
a Место издания Москва
b Издательство Юрайт
c Дата издания 2025
300 Физическое описание __
a Объем 703 с
440 Серия __
a Серия Профессиональное образование
500 Примечания __
a Примечание URL: https://urait.ru/bcode/581195 (дата обращения: 29.04.2026).
520 Аннотация __
a Аннотация Учебник охватывает все разделы современной электроники. Рассмотрены полупроводниковые и электровакуумные приборы сверхвысоких частот с динамическим управлением, газоразрядные приборы, оптоэлектронные приборы, включая приборы квантовой (когерентной) электроники. В приложениях учебника приведены сведения о порядках величин параметров приборов, электрофизических характеристиках материалов и исследуемых процессов, математические выкладки и расчетные соотношения.
538 Прим. о системных особенностях __
a Прим. о системных особенностях Режим доступа: Электронно-библиотечная система Юрайт, для авториз. пользователей
653 Ключевые слова __
a Ключевые слова Электротехника, электроника, телекоммуникации
653 Ключевые слова __
a Ключевые слова Технические науки
653 Ключевые слова __
a Ключевые слова Микроэлектроника
653 Ключевые слова __
a Ключевые слова Общая электротехника и электроника
653 Ключевые слова __
a Ключевые слова Основы радиоэлектроники
653 Ключевые слова __
a Ключевые слова Электроника
653 Ключевые слова __
a Ключевые слова Электроника и микропроцессорная техника
653 Ключевые слова __
a Ключевые слова Электротехника и электроника
653 Ключевые слова __
a Ключевые слова Основы электротехники и электроники
653 Ключевые слова __
a Ключевые слова Электроника и схемотехника
653 Ключевые слова __
a Ключевые слова Электротехника, электроника и схемотехника
653 Ключевые слова __
a Ключевые слова Радиоэлектроника
653 Ключевые слова __
a Ключевые слова Теоретические основы электротехники и электроники
653 Ключевые слова __
a Ключевые слова Основы электроники
653 Ключевые слова __
a Ключевые слова Прикладная электроника
653 Ключевые слова __
a Ключевые слова Электротехника и электронная техника
653 Ключевые слова __
a Ключевые слова Электроника и электротехника
653 Ключевые слова __
a Ключевые слова Электронная и микропроцессорная техника
653 Ключевые слова __
a Ключевые слова Электротехника и основы электронной техники
653 Ключевые слова __
a Ключевые слова Электротехника и основы электроники
653 Ключевые слова __
a Ключевые слова Электрика и электроника автомобиля
653 Ключевые слова __
a Ключевые слова Основы микроэлектроники
653 Ключевые слова __
a Ключевые слова Электроника, электротехника и схемотехника
653 Ключевые слова __
a Ключевые слова Основы электроники и схемотехники
653 Ключевые слова __
a Ключевые слова Оптоэлектроника
653 Ключевые слова __
a Ключевые слова Основы оптоэлектроники
653 Ключевые слова __
a Ключевые слова Схемотехника и электроника
653 Ключевые слова __
a Ключевые слова Введение в оптоэлектронику
653 Ключевые слова __
a Ключевые слова Теоретические основы электротехники и электроника
653 Ключевые слова __
a Ключевые слова Введение в микроэлектронику
653 Ключевые слова __
a Ключевые слова Электроника СВЧ
653 Ключевые слова __
a Ключевые слова Электроника РЭС
653 Ключевые слова __
a Ключевые слова Введение в электронику
653 Ключевые слова __
a Ключевые слова Теоретические основы радиоэлектроники
653 Ключевые слова __
a Ключевые слова СВЧ-электроника
653 Ключевые слова __
a Ключевые слова Электроника и основы схемотехники
653 Ключевые слова __
a Ключевые слова Введение в радиоэлектронику
653 Ключевые слова __
a Ключевые слова Основы электроники и электротехники
653 Ключевые слова __
a Ключевые слова Современная радиоэлектроника
653 Ключевые слова __
a Ключевые слова Теоретическая электротехника и электроника
653 Ключевые слова __
a Ключевые слова Электротехника и электроника. Раздел Электроника
653 Ключевые слова __
a Ключевые слова Электротехника, электроника
653 Ключевые слова __
a Ключевые слова Основы электротехники и электроника
653 Ключевые слова __
a Ключевые слова Выполнение работ по монтажу, регулировке, техническому обслуживанию и эксплуатации технологического оборудования для изготовления изделий твердотельной электроники, приборов квантовой электроники и фотоники
653 Ключевые слова __
a Ключевые слова Измерение параметров, характеристик и проведение испытаний для контроля качества и обеспечения надежности изделий твердотельной электроники, приборов квантовой электроники и фотоники
653 Ключевые слова __
a Ключевые слова Осуществление технологического процесса производства изделий твердотельной электроники, приборов квантовой электроники и фотоники, приборов квантовой электроники и фотоники
700 Другие авторы __
a Другие авторы Шишкин А. Г.
q Полное имя Шишкин Алексей Геннадиевич
856 Электронный адрес документа 40
n Местонахождение сервера Юрайт
g Электронная книга
q Тип электронного формата html
h Имя пользователя ЮРАЙТ
v Часы доступа к ресурсу 20271231
2 Способ доступа Показать документ
x Служебное примечание https://urait.ru/book/cover/9386E03A-8162-4BB8-B233-C877DE4CD037
u URL https://urait.ru/bcode/581195
856 Электронный адрес документа 48
q Тип электронного формата cover
u URL https://urait.ru/book/cover/9386E03A-8162-4BB8-B233-C877DE4CD037
911 __
u 0030=https://urait.ru/bcode/581195
911 __
u 073a=9785534201116
u 073d=2309.00
911 __
u 106a=s
911 __
u 900l=
952 Тип литературы __
i Дисциплина Микроэлектроника
952 Тип литературы __
i Дисциплина Общая электротехника и электроника
952 Тип литературы __
i Дисциплина Основы радиоэлектроники
952 Тип литературы __
i Дисциплина Электроника
952 Тип литературы __
i Дисциплина Электроника и микропроцессорная техника
952 Тип литературы __
i Дисциплина Электротехника и электроника
952 Тип литературы __
i Дисциплина Основы электротехники и электроники
952 Тип литературы __
i Дисциплина Электроника и схемотехника
952 Тип литературы __
i Дисциплина Электротехника, электроника и схемотехника
952 Тип литературы __
i Дисциплина Радиоэлектроника
952 Тип литературы __
i Дисциплина Теоретические основы электротехники и электроники
952 Тип литературы __
i Дисциплина Основы электроники
952 Тип литературы __
i Дисциплина Прикладная электроника
952 Тип литературы __
i Дисциплина Электротехника и электронная техника
952 Тип литературы __
i Дисциплина Электроника и электротехника
952 Тип литературы __
i Дисциплина Электронная и микропроцессорная техника
952 Тип литературы __
i Дисциплина Электротехника и основы электронной техники
952 Тип литературы __
i Дисциплина Электротехника и основы электроники
952 Тип литературы __
i Дисциплина Электрика и электроника автомобиля
952 Тип литературы __
i Дисциплина Основы микроэлектроники
952 Тип литературы __
i Дисциплина Электроника, электротехника и схемотехника
952 Тип литературы __
i Дисциплина Основы электроники и схемотехники
952 Тип литературы __
i Дисциплина Оптоэлектроника
952 Тип литературы __
i Дисциплина Основы оптоэлектроники
952 Тип литературы __
i Дисциплина Схемотехника и электроника
952 Тип литературы __
i Дисциплина Введение в оптоэлектронику
952 Тип литературы __
i Дисциплина Теоретические основы электротехники и электроника
952 Тип литературы __
i Дисциплина Введение в микроэлектронику
952 Тип литературы __
i Дисциплина Электроника СВЧ
952 Тип литературы __
i Дисциплина Электроника РЭС
952 Тип литературы __
i Дисциплина Введение в электронику
952 Тип литературы __
i Дисциплина Теоретические основы радиоэлектроники
952 Тип литературы __
i Дисциплина СВЧ-электроника
952 Тип литературы __
i Дисциплина Электроника и основы схемотехники
952 Тип литературы __
i Дисциплина Введение в радиоэлектронику
952 Тип литературы __
i Дисциплина Основы электроники и электротехники
952 Тип литературы __
i Дисциплина Современная радиоэлектроника
952 Тип литературы __
i Дисциплина Теоретическая электротехника и электроника
952 Тип литературы __
i Дисциплина Электротехника и электроника. Раздел Электроника
952 Тип литературы __
i Дисциплина Электротехника, электроника
952 Тип литературы __
i Дисциплина Основы электротехники и электроника
952 Тип литературы __
i Дисциплина Выполнение работ по монтажу, регулировке, техническому обслуживанию и эксплуатации технологического оборудования для изготовления изделий твердотельной электроники, приборов квантовой электроники и фотоники
952 Тип литературы __
i Дисциплина Измерение параметров, характеристик и проведение испытаний для контроля качества и обеспечения надежности изделий твердотельной электроники, приборов квантовой электроники и фотоники
952 Тип литературы __
i Дисциплина Осуществление технологического процесса производства изделий твердотельной электроники, приборов квантовой электроники и фотоники, приборов квантовой электроники и фотоники